|
|
|
|
| LEADER |
02002nam a2200457 i 4500 |
| 001 |
EBC1779679 |
| 003 |
MiAaPQ |
| 005 |
20200520144314.0 |
| 006 |
m o d | |
| 007 |
cr cnu|||||||| |
| 008 |
140917t20142014dcuab o 000 0 eng d |
| 020 |
|
|
|z 9781498332408
|
| 020 |
|
|
|a 9781498338134
|q (electronic bk.)
|
| 035 |
|
|
|a (MiAaPQ)EBC1779679
|
| 035 |
|
|
|a (Au-PeEL)EBL1779679
|
| 035 |
|
|
|a (CaPaEBR)ebr10928034
|
| 035 |
|
|
|a (CaONFJC)MIL642225
|
| 035 |
|
|
|a (OCoLC)894169940
|
| 040 |
|
|
|a MiAaPQ
|b eng
|e rda
|e pn
|c MiAaPQ
|d MiAaPQ
|
| 043 |
|
|
|a f-tg---
|
| 050 |
|
4 |
|a HC79.P63
|b .I584 2014
|
| 082 |
0 |
|
|a 339.46
|2 23
|
| 110 |
2 |
|
|a International Monetary Fund,
|e author.
|
| 245 |
1 |
0 |
|a Togo :
|b poverty reduction strategy paper /
|c International Monetary Fund.
|
| 264 |
|
1 |
|a Washington, District of Columbia :
|b International Monetary Fund,
|c 2014.
|
| 264 |
|
4 |
|c 2014
|
| 300 |
|
|
|a 1 online resource (203 pages) :
|b illustrations (some color), maps, graphs, tables.
|
| 336 |
|
|
|a text
|2 rdacontent
|
| 337 |
|
|
|a computer
|2 rdamedia
|
| 338 |
|
|
|a online resource
|2 rdacarrier
|
| 490 |
1 |
|
|a IMF Country Report ;
|v Number 14/224
|
| 588 |
|
|
|a Description based on online resource; title from PDF title page (ebrary, viewed September 17, 2014).
|
| 590 |
|
|
|a Electronic reproduction. Ann Arbor, MI : ProQuest, 2015. Available via World Wide Web. Access may be limited to ProQuest affiliated libraries.
|
| 650 |
|
0 |
|a Economic assistance, Domestic
|z Togo.
|
| 650 |
|
0 |
|a Poverty
|z Togo.
|
| 651 |
|
0 |
|a Togo
|x Appropriations and expenditures.
|
| 655 |
|
4 |
|a Electronic books.
|
| 776 |
0 |
8 |
|i Print version:
|a International Monetary Fund.
|t Togo : poverty reduction strategy paper.
|d Washington, District of Columbia : International Monetary Fund, c2014
|h xv, 184 pages
|k IMF country report ; Number 14/224.
|z 9781498332408
|
| 797 |
2 |
|
|a ProQuest (Firm)
|
| 830 |
|
0 |
|a IMF country report ;
|v Number 14/224.
|
| 856 |
4 |
0 |
|u https://ebookcentral.proquest.com/lib/matrademy/detail.action?docID=1779679
|z Click to View
|